| 000 | 01270nam a2200241 i 4500 | ||
|---|---|---|---|
| 001 | 19907 | ||
| 003 | ES-MaACL | ||
| 005 | 20250728113736.0 | ||
| 007 | t| | ||
| 008 | 021029m19771982sp ||||1| spa d | ||
| 020 | _a84-323-0253-8 | ||
| 080 | _a291 | ||
| 245 | 0 | 0 |
_aHistoria de las religiones / _cbajo la dirección de Henri-Charles Puech ; [traducción del francés, Isabel Martínez Martínez... et al.]. |
| 250 | _a1ª ed. | ||
| 260 |
_aMadrid : _bSiglo XXI de España, _c1977-1982. |
||
| 300 |
_a12 v. ; _c18 cm. |
||
| 505 | 8 | _aContiene: v.1-3. Las religiones antiguas -- v. 4. Las religiones en la India y en Extremo Oriente : formación de las religiones universales y de salvación -- v. 5-6. Las religiones en el mundo mediterráneo y en el Oriente Próximo -- v. 7-8. Las religiones constituídas en Occidente y sus contracorrientes -- v. 9-10. Las religiones constituídas en Asia y sus contracorrientes -- v.11. Las religiones en los pueblos sin tradición escrita -- v.12. Movimientos religiosos derivados de la aculturación | |
| 650 | 1 | 4 |
_aReligiones- _xHistoria _916823 |
| 700 | 1 |
_aPuech, Henri-Charles. _994128 |
|
| 700 | 1 |
_aMartínez Martínez, Isabel. _978205 |
|
| 852 |
_aES-MaACL _jL-26191-202 _bR.95806 |
||
| 999 |
_c19907 _d19907 |
||